| 000 | 00712nam a2200229 u 4500 | ||
|---|---|---|---|
| 005 | 20220916063536.0 | ||
| 008 | 141126s2007 r 000 0 eng d | ||
| 020 | _a9788478719464 | ||
| 035 | _aUPN01000200889 | ||
| 049 | _aI | ||
| 050 | 4 |
_aPZ7 _bM3.4 |
|
| 100 | 1 |
_aMcClintock, Barbara _936467 |
|
| 245 | 1 | 0 |
_aElsa y Max de paseo por París / _cBarbara McClintok ; tr. María Obiols. |
| 260 |
_aBarcelona, Esp. : _bRBA Libros, _c2007. |
||
| 300 |
_a[30] p. : _bil. col. |
||
| 440 | 0 | _aMolino | |
| 534 |
_pTítulo original: _tAdéle and Simon |
||
| 650 | 7 |
_aLiteratura infantil estadounidense _2 _99173 |
|
| 651 | 4 |
_aPARIS, FRANCIA - _xDESCRIPCION Y VIAJES _98151 |
|
| 905 | _aInfantil | ||
| 999 |
_c172990 _d172990 |
||